Mambo No. 5 (A Little Bit of...) - Lou Bega - All Lyrics - Statistics

General Stats
  • This quiz has been taken 39 times
  • The average score is 302 of 391
Answer Stats
Answer % Correct
a
100%
A
100%
bit
100%
I
100%
in
100%
little
100%
of
100%
all
97%
life
97%
my
97%
the
97%
The
97%
5
94%
five
94%
Monica
94%
Rita
94%
by
90%
need
90%
side
90%
four,
87%
Ha-ha-ha
87%
me,
87%
me
87%
on,
87%
on
87%
One,
87%
three,
87%
two,
87%
Jessica,
84%
Sandra,
84%
Sandra
84%
you
84%
you,
84%
You
84%
and
81%
And
81%
night
81%
one
81%
One
81%
sun
81%
your
81%
Erica
77%
is
77%
long
77%
makes
77%
man
77%
Number
77%
what
77%
Everybody
74%
Mambo
74%
Mary
74%
come
71%
let
71%
see
71%
To
71%
to
71%
do?
68%
do
68%
let's
68%
am
65%
here
65%
can
61%
like
61%
so
61%
So
61%
sweeter
61%
up
61%
Angela,
58%
as
58%
it
58%
know
58%
Tina's
58%
around
55%
don't
55%
gettin'
55%
Pamela,
55%
ride
55%
Rita's
55%
they
55%
want
55%
down
52%
Jump
52%
store
52%
But
48%
it's
48%
liquor
48%
move
48%
really
48%
right
48%
then
48%
this,
48%
wanna
48%
doin'
45%
with
45%
car,
42%
corner
42%
girl
42%
hands
42%
if
42%
just
42%
left
42%
love
42%
sport
42%
boys
39%
continue,
39%
juice
39%
last
39%
say
39%
sky
39%
some
39%
step
39%
trumpet
39%
Trumpet,
39%
week
39%
you're
39%
can't
35%
'cause
35%
'Cause
35%
Clap
35%
clap
35%
front
35%
gin
35%
good,
35%
once
35%
Shake
35%
twice
35%
Anything
32%
fall
32%
gonna
32%
had
32%
looks
32%
Lord
32%
run
32%
Take
32%
flirtin'
29%
fly,
29%
hide
29%
put
29%
touch
29%
cheap
26%
head
26%
talk
26%
ground
23%
must
23%
sound,
23%
stay
23%
beer-bust,
16%
deep,
16%
dump
16%
beg
13%
Please
13%
set
10%
No matching quizzes found
Score Distribution
Percent of People with Each Score
Percentile by Number Answered
Your Score History
You have not taken this quiz